00194nam a2200073Ia 4500008004100000100002100041245003700062260002100099120527s9999 xx 000 0 und d aPARKINS,R.A etal aThe basis of clinical diagnosis  bArco. Publishing